000 00539nam a2200193Ia 4500
008 131103s9999 xx 000 0 und d
020 _a817381194 6
_cRs.85.00
040 _aLoreto College
041 _aEnglish
082 _a370.1/PUR
_bLCBkB/441
100 _aPurkait,B.R.
245 _aPrinciples and practices of education
_cB.R.Purkait
260 _aCalcutta
_bNew Central Book Agency
_c1996
300 _aii,492p.
_c 21cm.
504 _aIncludes bibliography
650 _aEducation
850 _aLCBkB/370.1/PUR
942 _cBK
999 _c35096
_d85575